Libro del año Barsa 1970
Zapisane w:
| Główni autorzy: | , , , |
|---|---|
| Format: | Książka |
| Język: | hiszpański |
| Wydane: |
Chicago
Encyclopaedia Britannica
1970
|
| Hasła przedmiotowe: | |
| Etykiety: |
Dodaj etykietę
Nie ma etykietki, Dołącz pierwszą etykiete!
|
MARC
| LEADER | 00000nam a2200000 a 4500 | ||
|---|---|---|---|
| 001 | UCH2388 | ||
| 003 | CL-VaPUC | ||
| 008 | 090611e19700000US |||||||||||||||||spa|d | ||
| 082 | 0 | 4 | |a 030 |b GAR |2 21 |
| 100 | |a Garza Reyes, Leandro |e author |9 537163 | ||
| 700 | 0 | |a Gómez Estradé, Perfecto |e author |9 537160 | |
| 700 | 0 | |a Miramón Uribe, María Rita |e author |9 537161 | |
| 700 | |a Sánchez García, Mayo Antonio |e author |9 537167 | ||
| 245 | 1 | 0 | |a Libro del año Barsa 1970 |
| 300 | |a 416 p | ||
| 942 | |c BK | ||
| 945 | |d 20090611 00:00:00 |a rbrito | ||
| 260 | |a Chicago |b Encyclopaedia Britannica |c 1970 | ||
| 650 | 0 | |a Enciclopedias |9 264135 | |
| 650 | 0 | |a Anuarios |9 258977 | |
| 583 | |a last modification |c 20090611 00:00:00 |k Rodrigo Vera | ||
| 999 | |c 334129 |d 334127 | ||
| 952 | |0 0 |1 0 |4 0 |6 030_000000000000000_GAR_1970 |7 0 |8 X |9 422951 |a FDOBUD |b FDOBUD |d 2019-11-22 |i 4556577 |o 030 GAR 1970 |p 4556577 |r 2019-11-22 |w 2019-11-22 |y BK_X |k BUD | ||